[Event "CRO-chT4A Center"]
[Site "Zagreb"]
[Date "2010.11.14"]
[Round "11.66"]
[White "Katulic, Zlatko"]
[Black "Gradinscak, Josip"]
[Result "0-1"]
[WhiteElo "1927"]
[BlackElo "1840"]
[PlyCount "88"]
[EventDate "2010.03.21"]
[EventType "team-tourn"]
[EventRounds "11"]
[EventCountry "CRO"]
[SourceTitle "EXT 2012"]
[Source "ChessBase"]
[SourceDate "2011.11.24"]
[SourceVersion "1"]
[SourceVersionDate "2011.11.24"]
[SourceQuality "1"]

1. e4 a5 2. d4 b6 3. Bd3 e6 4. Nd2 Bb7 5. c3 d6 6. Qa4+ Nd7 7. Ne2 Ne7 8. 0-0 g6 9. f4 Bh6 10. Ng3 c6 11. Qc2 Qc7 12. b3 Rc8 13. f5 e5 14. Nf3 Bxc1 15. Qxc1 Ng8 16. Rf2 f6 17. h4 Qd8 18. fxg6 hxg6 19. h5 Nf8 20. Nh4 f5 21. Nhxf5 gxf5 22. Nxf5 Rc7 23. h6 Ne6 24. Qa3 Rd7 25. Bc4 Nf4 26. Ng7+ Rxg7 27. hxg7 Rh6 28. dxe5 Qh4 29. Bf7+ Kd8 30. Qxd6+ Rxd6 31. exd6 Qg5 32. Kf1 Ba6+ 33. Bc4 Bxc4+ 34. bxc4 Nf6 35. e5 Qxe5 36. Kg1 Qg5 37. Kh1 N4h5 38. Rb1 Qxg7 39. Rxb6 Qh6 40. Rf3 Ng3+ 41. Kg1 Qh1+ 42. Kf2 Nfe4+ 43. Ke3 Qg1+ 44. Kf4 Qxb6 0-1